| 000 | 00622nam a2200157 a 4500 | ||
|---|---|---|---|
| 001 | 000044290 | ||
| 003 | DO-SdBNP | ||
| 005 | 20230802131959.0 | ||
| 008 | 140612s2005 dr 000 0 spa d | ||
| 040 |
_aDO-SdBNP _bspa _cBNPHU |
||
| 110 | 1 |
_aRepública Dominicana _bProcuraduría General de la República _932241 |
|
| 245 | 1 | 0 | _aLineamientos de la política criminal dentro de los parámetros del plan nacional de seguridad democrática para la República Dominicana. |
| 260 |
_aSanto Domingo : _bComisionado de apoyo a la reforma y modernización de la justicia, _c2005. |
||
| 300 |
_a60 p. ; _c23 cm. |
||
| 942 |
_2ddc _cLBS1 |
||
| 999 |
_c43779 _d43779 |
||